Alphabetical Anagrams - Africa Map Quiz - Statistics

General Stats
  • This quiz has been taken 198 times
    176 since last reset
  • The average score is 34 of 54
Answers on the Map
Answers color-coded by a green-red scale on the quiz's map according to % correct below.
 
Answer Stats
Answer % Correct
aaaacdgmrs
83%
abily
80%
egpty
80%
acdh
78%
aaegilr
77%
ccmooor
77%
adnsu
76%
aekny
73%
bdiijotu
73%
aailmos
72%
aaainntz
71%
aaghn
70%
aabimz
69%
abeimmoquz
69%
aabnostw
68%
aadnrw
68%
aailmw
68%
aehiiopt
68%
aabiimn
67%
aadgnu
67%
abbeimwz
67%
ailm
67%
aeeirrt
66%
aiinstu
66%
eginr
66%
aaglno
65%
bdinruu
65%
beinn
65%
aabgim
64%
goot
64%
abgno
63%
aadilnswz
62%
acemnoor
60%
adhnosstuu
60%
aegiinr
60%
ehloost
60%
abeiilr
59%
cmooors
59%
aaaeegiilnoqrtuu
58%
aaaiimnrtu
58%
abccccdeeefghiilmnooooprrttu
56%
aeeglns
54%
ceeehllssy
54%
aacfhiorstu
53%
aeginu
53%
aabfiknorsu
51%
aaabccceefiillnnprrrtu
50%
aabegiinssuu
50%
acdeeeprv
50%
aiimrstuu
50%
aacdeeiimnnoopprst
46%
cdeeiioortv
46%
aeeeilnorrs
44%
bcceefghilnoooprtu
42%
No matching quizzes found
Score Distribution
Percent of People with Each Score
Percentile by Number Answered
Your Score History
You have not taken this quiz since the last reset